000 00419nam a2200169 a 4500
001 0000-8733
003 ELIB.Books
008 110520 1988
035 _a(ELIB.Books)0000-8879
082 _a230
_bMck
100 _aMckim, Donald K
245 _aTheological Truning Points
260 _bAtlanta: John Knox Press
_c1988
650 _aTheology
942 _2ddc
_cBK
998 _cbat
_e2011-05-20
999 _c8733
_d8733